000 00483nam a2200169Ia 4500
008 230718s9999 xx 000 0 und d
020 _a9788181285980
041 _aeng
082 _a005.432
_bDAV
100 _aDavis K.
_9145952
245 _aDefinitive Guide To Linux Network Programming
260 _c2007
_bSpringer
300 _a375
365 _cRs.
_b450.00
700 _aDavis K.; Turner J. & Yocom N.
_9200151
906 _dO:0558605-Jul-2017B:IN9407-Jun-2017
_cCOMP
_b112.5
999 _c344893
_d344893